| 000 | 00799nam a2200229 a 4500 | ||
|---|---|---|---|
| 005 | 20220914063743.0 | ||
| 008 | 991125s1997 bar 000 0 spa u | ||
| 020 | _a8478271597 | ||
| 035 | _aUPN01000014516 | ||
| 049 | _aCG | ||
| 050 | 4 |
_aGV443 _bF3.3 |
|
| 100 | 1 | _aFarreny Terrado, María Teresa | |
| 245 | 1 | 3 |
_aEl descubrimiento de sí mismo: _bactividades y juegos de motricidad en la escuela infantil (2o. ciclo) / _cMa. Teresa Farreny Terrado, Gabriel Román Sánchez. |
| 260 |
_aBarcelona, Esp. : _bGraó, _c1997. |
||
| 300 | _a72 p. | ||
| 440 | 0 |
_aSerie metodología y recursos ; _v113 |
|
| 650 | 4 |
_aEDUCACION FISICA PARA NIÑOS _916252 |
|
| 650 | 7 |
_aEducación psicomotriz _2 _95394 |
|
| 650 | 7 |
_aPsicomotricidad _2 _95010 |
|
| 700 | 1 |
_aRomán Sánchez, Gabriel, _ecoaut. |
|
| 905 | _aLibro | ||
| 999 |
_c14516 _d14516 |
||